|
|
|
|
| LEADER |
00832Cam#a2200253#a#4500 |
| 001 |
023877 |
| 003 |
AR-BeUNQ |
| 005 |
20191121105627.0 |
| 008 |
120705s1940####ag d ||b ||||||dspa#d |
| 999 |
|
|
|c 22511
|d 97898
|
| 040 |
|
|
|a AR-BeUNQ
|e aacr
|
| 082 |
0 |
4 |
|a 378.982
|2 21
|
| 100 |
1 |
|
|a Catiñeiras, Julio R.
|
| 245 |
0 |
2 |
|a Historia de la Universidad de La Plata.
|c por Julio R. Castiñeiras.
|n Tomo II /
|
| 260 |
|
|
|a La Plata :
|b Universidad Nacional de La Plata,
|c 1940.
|
| 300 |
|
|
|a xiv, 410 p. :
|b il., gráficos ;
|c 27 cm.
|
| 592 |
|
|
|a Fondo Reservado
|
| 650 |
|
7 |
|a Universidades
|2 spines
|
| 650 |
|
7 |
|a Historia
|2 spines
|
| 651 |
|
7 |
|a Argentina
|2 spines
|
| 653 |
|
|
|a Historia de la educación
|
| 653 |
|
|
|a Universidad Nacional de La Plata
|
| 929 |
|
|
|a DONACION
|b Jorge Myers
|d 0
|e 20120413
|g 2067 Exp. 827-0387/98
|j 47845
|
| 942 |
|
|
|c LIB
|n 0
|